Statistics for Pittsburgh Penguins Roster

Click here to take the quiz!

General Stats

  • This quiz has been taken 221 times
    (82 since last reset)
  • The average score is 13 of 24

Answer Stats

Number Last name % Correct
87Crosby
100%
71Malkin
96%
58Letang
93%
81Kessel
92%
30Murray
84%
59Guentzel
81%
72Hornqvist
79%
3Maatta
64%
17Rust
63%
62Hagelin
61%
8Dumoulin
61%
43Sheary
52%
4Schultz
48%
19Brassard
48%
35Jarry
47%
15Sheahan
40%
6Oleksiak
35%
23Wilson
33%
2Ruhwedel
33%
41Simon
29%
37Rowney
21%
22Hunwick
21%
34Kuhnhackl
20%
55Summers
1%

Score Distribution

Percentile by Number Answered

Percent of People with Each Score

Your Score History

You have not taken this quiz since the last reset